Viraha-bhakti : (Record no. 17720)

MARC details
000 -LEADER
fixed length control field 00935cam a2200301 a 4500
001 - CONTROL NUMBER
control field 3311844
003 - CONTROL NUMBER IDENTIFIER
control field BDDh-ASL
005 - DATE AND TIME OF LATEST TRANSACTION
control field 20231015025629.0
008 - FIXED-LENGTH DATA ELEMENTS--GENERAL INFORMATION
fixed length control field 831129s1983 ii ab b 001 0 eng
010 ## - LIBRARY OF CONGRESS CONTROL NUMBER
LC control number 83903836
020 ## - INTERNATIONAL STANDARD BOOK NUMBER
International Standard Book Number 0195612515 :
Terms of availability Rs250.00
040 ## - CATALOGING SOURCE
Original cataloging agency DLC
Transcribing agency DLC
Modifying agency BDDh-ASL
043 ## - GEOGRAPHIC AREA CODE
Geographic area code a-ii---
050 00 - LIBRARY OF CONGRESS CALL NUMBER
Classification number BL1220
Item number .H36 1983
082 00 - DEWEY DECIMAL CLASSIFICATION NUMBER
Classification number 294.5365
Edition number 19
Item number HAV
100 1# - MAIN ENTRY--PERSONAL NAME
Personal name Hardy, Friedhelm.
245 10 - TITLE STATEMENT
Title Viraha-bhakti :
Remainder of title the early history of Kṛṣṇa devotion in South India /
Statement of responsibility, etc. Friedhelm Hardy.
260 ## - PUBLICATION, DISTRIBUTION, ETC.
Place of publication, distribution, etc. Delhi :
Name of publisher, distributor, etc. Oxford,
Date of publication, distribution, etc. 1983.
300 ## - PHYSICAL DESCRIPTION
Extent xxi, 692 p. :
Other physical details ill., maps ;
Dimensions 23 cm.
440 #0 - SERIES STATEMENT/ADDED ENTRY--TITLE
Title [Oxford University South Asian studies series]
500 ## - GENERAL NOTE
General note Series statement from jkt.
500 ## - GENERAL NOTE
General note Includes index.
504 ## - BIBLIOGRAPHY, ETC. NOTE
Bibliography, etc. note Bibliography: p. [655]-673.
600 00 - SUBJECT ADDED ENTRY--PERSONAL NAME
Personal name Krishna
Titles and other words associated with a name (Hindu deity)
650 #0 - SUBJECT ADDED ENTRY--TOPICAL TERM
Topical term or geographic name entry element Bhakti.
906 ## - LOCAL DATA ELEMENT F, LDF (RLIN)
a 7
b cbc
c orignew
d 3
e ncip
f 19
g y-gencatlg
942 ## - ADDED ENTRY ELEMENTS (KOHA)
Source of classification or shelving scheme Dewey Decimal Classification
Koha item type Books
Holdings
Withdrawn status Lost status Source of classification or shelving scheme Damaged status Not for loan Collection code Home library Current library Shelving location Date acquired Source of acquisition Total Checkouts Full call number Barcode Date last seen Copy number Price effective from Koha item type Public note
    Dewey Decimal Classification   Not For Loan Non-fiction Asiatic Society Library Asiatic Society Library Ludden Collection 09/07/2020 Donated by Prof. David Ludden   294.5365 HAV 100839 09/07/2020 C-1 09/07/2020 Books RARE

Powered by Koha